000 01314nam a2200433 i 4500
001 42713
003 FlNmELB
005 20241216222052.0
006 m o d |
007 cr cnu||||||||
008 210510s2017 sp o 000 f spa d
020 _a9788491047919
_q(e-book)
035 _a(OCoLC)1252203064
040 _aFINmELB
_bspa
_erda
_cFINmELB
050 4 _aPQ6703.O87
_bC687 2017
080 _a821.134.2-31"19"
082 0 4 _a863
_223
100 1 _aCotrina, José Antonio,
_d1972-
_eautor.
245 1 4 _aLas fuentes perdidas /
_cJosé Antonio Cotrina.
264 1 _aMadrid :
_bAlianza,
_c2017.
300 _a1 recurso en línea (537 páginas)
336 _atexto
_btxt
_2rdacontent/spa
337 _acomputadora
_bc
_2rdamedia/spa
338 _arecurso en línea
_bcr
_2rdacarrier/spa
490 1 _a13 20
650 0 _aSpanish literature.
650 0 _aSpanish fiction.
650 0 _aScience fiction.
650 4 _aLiteratura española.
650 4 _aNovela española.
650 4 _aNovelas de ciencia ficción.
655 4 _aLibros electrónicos.
797 2 _aelibro, Corp.
830 0 _a13 20.
856 4 0 _uhttps://elibro.net/ereader/politecnicointernacional/122861
999 _c42713
_d42713